000 00524nam a2200181Ia 4500
005 20250508162658.0
008 008 250505s9999 xx 000 0 eng d
037 _aTextual
040 _aFEDL
_beng
_cFEDL
041 _aeng
_2eng
084 _a371.9, HOG
_qFEDL
100 _aHoghughi Masud
_9472876
245 0 _aTreating problem children issues, methods and practice
260 _aLondon, UK
_bSage Publications
_c1988
300 _axii,290p.
942 _cTEXL
_h371.9, HOG
999 _c1378017
_d1378017